Statistics for Fitz and The Tantrums Discography

Click here to take the quiz!

General Stats

  • This quiz has been taken 2 times
  • The average score is 11 of 35

Answer Stats

HintAnswer% Correct
Fitz and The TantrumsHandClap
100%
More Than Just A DreamOut Of My League
100%
More Than Just A Dream6am
50%
Fitz and The TantrumsA Place For Us
50%
More Than Just A DreamBreak The Walls
50%
Fitz and The TantrumsBurn It Down
50%
Fitz and The TantrumsComplicated
50%
Fitz and The TantrumsDo What You Want
50%
Fitz and The TantrumsFool
50%
More Than Just A DreamFools Gold
50%
More Than Just A DreamHouse On Fire
50%
More Than Just A DreamLast Raindrop
50%
More Than Just A DreamMerryGoRound
50%
Pickin' up the PiecesPickin' up the Pieces
50%
Fitz and The TantrumsRoll Up
50%
More Than Just A DreamSpark
50%
More Than Just A DreamThe Walker
50%
Fitz and The TantrumsTricky
50%
Fitz and The TantrumsWalking Target
50%
Pickin' up the PiecesBreakin' the Chains of Love
0%
Pickin' up the PiecesDear Mr. President
0%
Pickin' up the PiecesDon't Gotta Wok It Out
0%
Fitz and The TantrumsFadeback
0%
More Than Just A DreamGet Away
0%
Fitz and The TantrumsGet Right Back
0%
More Than Just A DreamKeepin Our Eyes Out
0%
Pickin' up the PiecesL.O.V.
0%
Pickin' up the PiecesMoneygrabber
0%
Pickin' up the PiecesNews 4 U
0%
Pickin' up the PiecesRich Girls
0%
Fitz and The TantrumsRun It
0%
More Than Just A DreamTell Me What Ya Here For
0%
More Than Just A DreamThe End
0%
Pickin' up the PiecesTighter
0%
Pickin' up the PiecesWinds of Change
0%

Score Distribution

Percentile by Number Answered

Percent of People with Each Score

Your Score History

You have not taken this quiz